[Event "Hillerod CC 1617 C"]
[Site "Hillerod"]
[Date "2017.02.21"]
[Round "6"]
[White "Holm, Erik"]
[Black "Agerso, Sebastian"]
[Result "1/2-1/2"]
[WhiteElo "1369"]
[BlackElo "1000"]
[PlyCount "86"]
[EventDate "2016.12.13"]
[EventType "tourn"]
[EventRounds "9"]
[EventCountry "DEN"]
[SourceTitle "EXT 2023"]
[Source "ChessBase"]
[SourceDate "2022.10.05"]
[SourceVersion "1"]
[SourceVersionDate "2022.10.05"]
[SourceQuality "1"]

1. e4 c6 2. Nf3 d5 3. exd5 cxd5 4. d4 Nc6 5. Nc3 Nf6 6. Bb5 Bf5 7. Ne5 Rc8 8. 0-0 e6 9. Be3 Bd6 10. Nxc6 bxc6 11. Ba4 0-0 12. Ne2 Qc7 13. h3 c5 14. c3 c4 15. b3 Rb8 16. b4 Ne4 17. a3 Rfc8 18. Bc2 e5 19. Bxe4 Bxe4 20. f3 Bd3 21. Rf2 exd4 22. Bxd4 Re8 23. Nc1 Bg6 24. Ne2 Re6 25. Qd2 Rbe8 26. f4 Qe7 27. Re1 Bd3 28. Kf1 Bxf4 29. Qxf4 Bxe2+ 30. Kg1 Bh5 31. Rxe6 Qxe6 32. Qg5 g6 33. Qh6 f6 34. Bxf6 Qf7 35. Bd4 Re1+ 36. Kh2 Qc7+ 37. g3 Qe7 38. g4 Qc7+ 39. Kg2 Qe7 40. gxh5 Qe4+ 41. Rf3 Qe2+ 42. Rf2 Qe4+ 43. Rf3 Qe2+ 1/2-1/2

[Event "Hillerod CC 1617 C"]
[Site "Hillerod"]
[Date "2017.01.24"]
[Round "4"]
[White "Eldor, Finn"]
[Black "Agerso, Sebastian"]
[Result "1-0"]
[WhiteElo "1356"]
[BlackElo "1000"]
[PlyCount "59"]
[EventDate "2016.12.13"]
[EventType "tourn"]
[EventRounds "9"]
[EventCountry "DEN"]
[SourceTitle "EXT 2023"]
[Source "ChessBase"]
[SourceDate "2022.10.05"]
[SourceVersion "1"]
[SourceVersionDate "2022.10.05"]
[SourceQuality "1"]

1. c4 e5 2. d3 Nf6 3. g3 d5 4. cxd5 Nxd5 5. Bg2 Bc5 6. Nc3 Be6 7. Nf3 Nc6 8. Ng5 0-0 9. 0-0 Nd4 10. Nge4 Qe7 11. e3 Nf5 12. Nxc5 Nxc3 13. bxc3 Qxc5 14. Bb2 Qb5 15. Qc2 Rad8 16. Rfd1 b6 17. d4 Rd7 18. e4 Ne7 19. d5 Rfd8 20. c4 Qa5 21. Bxe5 Bg4 22. f3 Bh5 23. Qb2 f6 24. Bd4 c6 25. Bh3 Bxf3 26. Rf1 Bxe4 27. Bxf6 Qc5+ 28. Bd4 Qxc4 29. Be6+ Kh8 30. Bxg7# 1-0